Und jetzt schreiben wir ein Diktat! Zu alternativen Diktatformen im Deutschunterricht
Saved in:
| Main Author: | |
|---|---|
| Format: | Book Chapter |
| Language: | German |
| Subjects: | |
| Tags: |
No Tags, Be the first to tag this record!
|
MARC
| LEADER | 00000naa a2200000 4500 | ||
|---|---|---|---|
| 001 | 0214369 | ||
| 005 | 20240502073601.3 | ||
| 041 | 0 | |a ger | |
| 044 | |a SK | ||
| 245 | 1 | 0 | |a Und jetzt schreiben wir ein Diktat! Zu alternativen Diktatformen im Deutschunterricht |c Soňa Téreková |
| 610 | 2 | 0 | |a jazyky cudzie |
| 610 | 2 | 0 | |a nemčina |
| 610 | 2 | 0 | |a gramatika |
| 610 | 2 | 0 | |a zásoba slovná |
| 610 | 2 | 0 | |a výslovnosť |
| 610 | 2 | 0 | |a slovotvorba |
| 610 | 2 | 0 | |a didaktika |
| 610 | 2 | 0 | |a vzdelávanie |
| 100 | 1 | |a Téreková, Soňa, 1981- | |